书目信息 |
| 题名: |
高等数学
|
|
| 作者: | 陈世兴 主编 | |
| 分册: | 上册 | |
| 出版信息: | 上海 华东师范大学出版社 1991.06 |
|
| 页数: | 360页 | |
| 开本: | 21m | |
| 丛书名: | 新世纪高等师范院校教材 | |
| 单 册: | ||
| 中图分类: | O13 | |
| 科图分类: | ||
| 主题词: | 高等数学--师范大学--教材 | |
| 电子资源: | ||
| ISBN: | 7-5617-0635-9 | |
| 000 | 00858nam 2200253 450 | |
| 001 | 0138479581 | |
| 005 | 20050905175126.28 | |
| 010 | @a7-5617-0635-9@dCNY17.00 | |
| 100 | @a20050417d1991 km y0chiy0120 ea | |
| 101 | 0 | @achi |
| 102 | @aCN@b310000 | |
| 105 | @ay z 000yy | |
| 200 | 1 | @a高等数学@Agao deng shu xue@e物理、化学专业用@h上册@f陈世兴主编@Fchen shi xing zhu bian |
| 210 | @a上海@c华东师范大学出版社@d1991.06@h2004重印 | |
| 215 | @a360页@d21m | |
| 225 | 2 | @a新世纪高等师范院校教材 |
| 330 | @a本书是根据高师物理专业"数学分析"、"高等解析几何与线性代数"的教学大纲编写的。 | |
| 410 | 0 | @12001 @a新世纪高等师范院校教材 |
| 517 | 1 | @a物理、化学专业用@Awu li、hua xue zhuan ye yong |
| 606 | 0 | @a高等数学@x师范大学@x教材 |
| 690 | @aO13@v4 | |
| 701 | 0 | @a陈世兴@Achen shi xing@4主编 |
| 801 | 0 | @aCN@bQSSK@c20050905 |
| 905 | @a10447@dO13@eC567:1 | |
| 高等数学:物理、化学专业用.上册/陈世兴主编.-上海:华东师范大学出版社,1991.06(2004重印) |
| 360页;21m.-(新世纪高等师范院校教材) |
| ISBN 7-5617-0635-9:CNY17.00 |
| 本书是根据高师物理专业"数学分析"、"高等解析几何与线性代数"的教学大纲编写的。 |
| ● |
| 相关链接 |
|
|
|
正题名:高等数学
索取号:O13/C567:1
 
预约/预借
| 序号 | 登录号 | 条形码 | 馆藏地/架位号 | 状态 | 备注 |
| 1 | 529712 | 205297123 | 自科库401/401自科库 106排2列1层/ [索取号:O13/C567:1] | 在馆 | |
| 2 | 529713 | 205297132 | 自科库401/401自科库 106排2列1层/ [索取号:O13/C567:1] | 在馆 | |
| 3 | 529714 | 205297141 | 自科库401/401自科库 106排2列1层/ [索取号:O13/C567:1] | 在馆 |